| 000 | 00618nam a2200217 a 4500 | ||
|---|---|---|---|
| 005 | 20140310183618.0 | ||
| 008 | 121112s19uu xx 00 eng d | ||
| 020 | _a9780273740445 | ||
| 050 |
_aTS 155 _b.Sl563 2011 |
||
| 100 | _aSlack, Nigel | ||
| 245 |
_aOperations strategy / _cNigel Slack, Mike Lewis. |
||
| 250 | _a3rd ed. | ||
| 260 |
_aHarlow, England : _bFinancial Times Prentice Hall, _c2011. |
||
| 300 |
_axxii, 434 p. : _bcol. ill. ; _c25 cm. |
||
| 500 | _aIncludes index | ||
| 521 | _aBSBA | ||
| 650 | _aProduction management | ||
| 700 | _aLewis, Michael | ||
| 942 |
_cBK _2lcc _kFOR |
||
| 999 |
_c25353 _d25353 |
||